000
00269nam a22001217a 4500
999
_c
534334
_d
534334
040
_c
MSOHAIL
082
_a
140
100
_a
Ismat Aziz
_9
28475
245
_a
Can the World be Changed.?
260
_a
Islamabad
_b
Pan graphic
_c
c2010
300
_a
64;p
942
_2
ddc
_c
BK